000
00285nam a22001337a 4500
008
170714b xxu||||| |||| 00| 0 eng d
020
_a
9780195145045
041
_a
eng
080
_a
030
100
_a
24
101
_a
FJA
245
_a
ANCIENT DEITIES
_c
TURNER.P
942
_2
udc
_c
BK
999
_c
20960
_d
20960